| 000 | 003950000a22000970004500 | ||
|---|---|---|---|
| 100 | 1 | _aArrastía, Cecilio (1922-) | |
| 245 | 1 | 0 | _aDe lo humano y lo divino : Hablemos de Cristo. Hay quienes ven a Cristo como una escalera, lo convocan y lo usan mientras están abajo, y lo desechan una vez han subido |
| 300 | _aVol. 1, Núm 3 (1989), Páginas 24-25 | ||
| 773 | 0 | _tImpacto Presbiteriano | |
| 942 | _cANA | ||
| 999 |
_c50829 _d50829 |
||